वाणिज्य शिक्षणः (बी.एड/यू.जी.सी. के नवीनतम पाठयक्रमानुसार) / (Record no. 11688)

MARC details
000 -LEADER
fixed length control field 01571 a2200241 4500
005 - DATE AND TIME OF LATEST TRANSACTION
control field 20080826113555.0
008 - FIXED-LENGTH DATA ELEMENTS--GENERAL INFORMATION
fixed length control field 080826t xxu||||| |||| 00| 0 hin d
010 ## - LIBRARY OF CONGRESS CONTROL NUMBER
LC control number HIN-83107
020 ## - INTERNATIONAL STANDARD BOOK NUMBER
International Standard Book Number 8189462725
Terms of availability 400.00
035 ## - SYSTEM CONTROL NUMBER
System control number HN-55453
037 ## - SOURCE OF ACQUISITION
Source of stock number/acquisition पु.प्र.अ.प्र /वित
082 ## - DEWEY DECIMAL CLASSIFICATION NUMBER
Classification number 372.83044
100 ## - MAIN ENTRY--PERSONAL NAME
Personal name चौधरी. रेणु
245 ## - TITLE STATEMENT
Title वाणिज्य शिक्षणः (बी.एड/यू.जी.सी. के नवीनतम पाठयक्रमानुसार) /
Statement of responsibility, etc रेणु चौधरी
246 ## - VARYING FORM OF TITLE
Title proper/short title Vanijya shikshan : ( B.Ed. / U.G.C. ke naveentam pathyakramnusar )
Remainder of title by Renu Chaudahary
260 ## - PUBLICATION, DISTRIBUTION, ETC. (IMPRINT)
Place of publication, distribution, etc जयपुर
Name of publisher, distributor, etc श्री कविता प्रकाशन
Date of publication, distribution, etc 2008
260 ## - PUBLICATION, DISTRIBUTION, ETC. (IMPRINT)
Place of publication, distribution, etc जयपुर
Name of publisher, distributor, etc अपोलो प्रकाशन(वितरक)
270 ## - ADDRESS
Address 21-ए, श्रीपुरम, गुर्जर की धड़ी, न्यू सांगालेर रोड, सोडाला
City जयपुर
270 ## - ADDRESS
Address 25, सिद्धेश्वरी महादेव मंदिर के पीछे, पिंकसिटी मार्केट, राजापार्क
City जयपुर
300 ## - PHYSICAL DESCRIPTION
Extent 264पृ
Dimensions 22 सेमी (सजिल्द)
942 ## - ADDED ENTRY ELEMENTS (KOHA)
Institution code [OBSOLETE] dpl
Koha item type Hindi Books
Call number prefix 372.83044 / चौधरी
Source of classification or shelving scheme Dewey Decimal Classification
Classification part 372.83044
Call number suffix चौधरी
Holdings
Withdrawn status Lost status Damaged status Not for loan Home library Current library Date acquired Cost, normal purchase price Total Checkouts Full call number Barcode Date last seen Copy number Uniform Resource Identifier Cost, replacement price Price effective from Koha item type
        D.B.Act.Division D.B.Act.Division   400.00   372.83044 चौधरी HN-55453 15/09/2008 1 12802 400.00 15/09/2008 Hindi Books

© Delhi Public Library
Hit Counter
free hit counter